000 03842cam a22012734i 4500
003 PE-LiUPU
005 20250813185539.0
008 150625s2007 mx a rb 000 0 spa d
020 _a9789682448294
035 _a(Sirsi) i9789682448294
040 _aPE-LiUPU
_bspa
_cPE-LiUPU
_erda
049 _aPRUA
082 0 4 _a306.81
_bE79
_221
100 1 _aEscobar Isaza, Gustavo Adolfo,
_eautor.
245 1 0 _aMatrimonio imperfecto y feliz :
_buna guía para evitar la separación /
_cGustavo Adolfo Escobar Isaza.
250 _a3a
264 1 _aMéxico :
_bTrillas,
_c2007.
300 _a219 páginas :
_bilustraciones ;
_c23 centímetros
336 _atext
_2rdacontent
337 _aunmediated
_2rdamedia
338 _avolume
_2rdacarrier
504 _aIncluye bibliografía.
505 0 _a¿Qué es el amor?. -El Tour de France conyugal. -La confluencia. -Amarillo, azul y verde. -Hablemos de los dos. -Se acabó la luna de miel. -"Resolución" se escribe con dos erres. -La convergencia. -<Juntos, pero revueltos. -También de pan vive el hombre. -.. hasta que un amante los separe. -Conflicto sin "flicto". -Tenemos que hablar. -Sociedad de responsabilidad compartida. -La convivencia. -"Parece que fue ayer ..".
526 _aP202
526 _aP201
526 _aP163
526 _aP162
526 _aP161
526 _aP160
526 _aP148
526 _aP147
526 _aP146
526 _aP145
526 _aP144
526 _aP143
526 _aP142
526 _aP141
526 _aP140
526 _aP139
526 _aP138
526 _aP137
526 _aP136
526 _aP135
526 _aP134
526 _aP133
526 _aP129
526 _aP128
526 _aP127
526 _aP120
526 _aP119
526 _aP118
526 _aP116
526 _aP115
526 _aP114
526 _aP110
526 _aP109
526 _aP108
526 _aP104
526 _aP103
526 _aP102
526 _aP99
526 _aP98
526 _aP97
526 _aP96
526 _aP95
526 _aP93
526 _aP90
526 _aP89
526 _aP88
526 _aP83
526 _aP82
526 _aP62
526 _aP59
526 _aP58
526 _aP57
526 _aP51
526 _aP49
526 _aP48
526 _aP47
526 _aP29
526 _aP24
526 _aP20
526 _aP19
526 _aP17
526 _aP15
526 _aP14
526 _aP12
526 _aP10
526 _aP09
526 _aP08
526 _aP07
526 _aP06
526 _aP05
526 _aP04
526 _aP01
541 _g001-0030486;
541 _g014-0000459;
650 0 4 _aFamilia.
_91496
650 0 4 _aMatrimonio.
_92383
650 0 4 _aVida familiar
_xEDUCACION.
910 _bjv
_clch
_d20090218
942 _2ddc
_cBOOK
949 _a306.81 E79
_wDEWEY
_c1
_i60383
_d2016-10-24
_e2016-10-19
_lCCODEBUL1
_mBUL
_n6
_p18.00
_r0
_sY
_tBOOK
_u2015-6-25
_xTEOLOGIA
_PP33
_0COMPRA
_o.STAFF. Colección General
949 _a306.81 E79
_wDEWEY
_c2
_i59003
_d2016-10-21
_e2016-10-18
_lCCODEBUL1
_mBUL
_n1
_p18.00
_r0
_sY
_tBOOK
_u2015-6-25
_xSALUD
_PP33
_0COMPRA
_o.STAFF. Colección General
994 _aC0
_bPEPRU
596 _a1
999 _a306.81 E79
_wDEWEY
_c47844
_i60383
_d47844
_e2016-10-19
_f2021-11-4
_g5
_lCCODEBUL1
_mBUL
_n6
_p18.00
_r0
_sY
_tBOOK
_u2015-6-25
_xBIBLIOTECA
_PP33
_0COMPRA
_o.STAFF. Colección General
999 _a306.81 E79
_wDEWEY
_c2
_i59003
_d2019-1-15
_e2017-10-29
_f2021-11-4
_g5
_lCCODEBUL1
_mBUL
_n2
_p18.00
_q2
_r0
_sY
_tBOOK
_u2015-6-25
_xBIBLIOTECA
_PP33
_0COMPRA
_o.STAFF. Colección Ciencias de la Salud
980 _81
_gALBERTO SANCHEZ Responsable de Automatización